000 00740cam a22002293a 4500
001 33044
003 PGUSA
005 20140828083720.0
008 100701s2010||||xxu|||||s|||||000 | eng d
040 _aPGUSA
_beng
042 _adc
050 4 _aQH
100 1 _aThompson, Max C.
245 1 0 _aBirds from North Borneo :
_bUniversity of Kansas Publications, Museum of Natural History, Volume 17, No. 8, pp. 377-433, October 27, 1966
_h[electronic resource] /
_cMax C. Thompson
260 _bProject Gutenberg,
_c2010
506 _aPublic domain in the USA.
516 _aElectronic text
653 _aBirds -- Malaysia -- Sabah
830 0 _aProject Gutenberg
_v33044
856 4 0 _uhttp://www.gutenberg.org/ebooks/33044
942 _cEB
999 _c262299
_d262299